One Percenters (Area) - Statistics

General Stats
  • This quiz has been taken 34 times
  • The average score is 12 of 18
Answers on the Grid
Answers color-coded by a green-red scale on the quiz's grid according to % correct below.
Russia
Canada
USA
China
Brazil
Australia
India
Argentina
Kazahkstan
Algeria
DR Congo
Saudi Arabia
Mexico
Indonesia
Sudan
Libya
Iran
Mongolia
Peru
Chad
Niger
Angola
Mali
South Africa
Colombia
Ethiopia
Bolivia
Mauritania
Egypt
Tanzania
Nigeria
Venezuela
 
Answer Stats
Answer % Correct
5.2% Australia
91%
11.5% Russia
91%
5.7% Brazil
87%
1.8% Kazahkstan
83%
6.4% USA
83%
6.7% Canada
78%
6.4% China
78%
1.8% Argentina
70%
1.0% Mongolia
70%
1.6% Algeria
65%
1.3% Mexico
61%
2.0% India
57%
1.5% DR Congo
52%
1.4% Saudi Arabia
52%
1.2% Libya
43%
1.2% Indonesia
39%
1.1% Iran
30%
1.2% Sudan
30%
No matching quizzes found
Score Distribution
Percent of People with Each Score
Percentile by Number Answered
Your Score History
You have not taken this quiz